000 04574nam a22012974i 4500
003 PE-LiUPU
005 20250813185330.0
008 131115s2012 ck a rb 000 0 spa d
020 _a9586317889
020 _a9789586317887
035 _a(Sirsi) i9789586317887
040 _aCKCOL
_bspa
_erda
_cCKCOL
_cPE-LiUPU
_erda
049 _aPRUA
082 _a628.74
_bA51 2012
100 _aAlzate Montes Carlos Mario,
_eautor.
245 0 0 _aIntervención holística para el manejo adecuado de residuos en pymes /
_cCarlos Mario Alzate Montes.
300 _a173 páinas :
_bilustraciones ;
_c27 centímetros.
336 _atext
_2rdacontent
337 _aunmediated
_2rdamedia
338 _avolume
_2rdacarrier
504 _aBibliografía páginas 163-173.
505 _aDebate entre el desarrollo sostenible y el desarrollo sustentable -- La importancia del manejo de residuos en pymes -- Normatividad en Colombia sobre el manejo, segregación, transporte y disposición de desechos -- El secreto de las pymes que crecen -- Manejo del agua residual -- El beneficio ambiental del manejo de los desechos líquidos mediante la aplicación de estrategias de prevención -- Diagnóstico sobre el manejo de los residuos sólidos y análisis microbiológico de fluidos generados en una pyme procesadora de conservas vegetales (estudio caso) -- Reflexión epistemológica en pro de una educación ambiental (EA) con capacidad dialéctica para formar en valores individuales y colectivos -- Estrategias didácticas para la prevención en el manejo de residuos en pymes.
526 _aP202
526 _aP201
526 _aP163
526 _aP162
526 _aP161
526 _aP160
526 _aP148
526 _aP147
526 _aP146
526 _aP145
526 _aP144
526 _aP143
526 _aP142
526 _aP141
526 _aP140
526 _aP139
526 _aP138
526 _aP137
526 _aP136
526 _aP135
526 _aP134
526 _aP133
526 _aP129
526 _aP128
526 _aP127
526 _aP120
526 _aP119
526 _aP118
526 _aP116
526 _aP115
526 _aP114
526 _aP110
526 _aP109
526 _aP108
526 _aP104
526 _aP103
526 _aP102
526 _aP99
526 _aP98
526 _aP97
526 _aP96
526 _aP95
526 _aP93
526 _aP90
526 _aP89
526 _aP88
526 _aP83
526 _aP82
526 _aP62
526 _aP59
526 _aP58
526 _aP57
526 _aP51
526 _aP49
526 _aP48
526 _aP47
526 _aP29
526 _aP24
526 _aP20
526 _aP19
526 _aP17
526 _aP15
526 _aP14
526 _aP12
526 _aP10
526 _aP09
526 _aP08
526 _aP07
526 _aP06
526 _aP05
526 _aP04
526 _aP01
541 _g0043-0021433;
650 1 7 _aGesti+on ambiental Colombia.
650 1 7 _aPequeña y mediana empresa Aspectos ambientales.
650 1 7 _aPolt̕ica ambiental.
650 1 7 _aTratamiento de residuos Investigaciones.
910 _armch
_btqv
_cemss
_d20160801
942 _2ddc
_cBOOK
949 _a363.728 I6
_wDEWEY
_c1
_i74227
_lCCODEBUL1
_mBUL
_p24.15
_r0
_sY
_tBOOK
_u2016-7-27
_xINGENIERIA
_PP24
_0COMPRA
_o.STAFF. Colección General
949 _a628.74 A51 2012
_wDEWEY
_c1
_iFJ01342
_lCCODEBUJ1
_mBUJ
_p20.50
_r0
_sY
_tBOOK
_u2016-8-1
_xINGENIERIA
_PP24
_0COMPRA
_o.STAFF. Colección General Juliaca
949 _a628.74 A51 2012
_wDEWEY
_c2
_iFJ01343
_lCCODEBUJ1
_mBUJ
_p20.50
_r0
_sY
_tBOOK
_u2016-8-1
_xINGENIERIA
_PP24
_0COMPRA
_o.STAFF. Colección General Juliaca
994 _aC0
_bPEPRU
596 _a1 3
999 _a363.728 I6
_wDEWEY
_c11565
_i74227
_d11565
_f2021-11-9
_g7
_lCCODEBUL1
_mBUL
_p24.15
_q2
_r0
_sY
_tBOOK
_u2016-7-27
_xINGENIERIA
_PP24
_0COMPRA
_o.STAFF. Colección General
999 _a628.74 A51 2012
_wDEWEY
_c1
_iFJ01342
_d2019-12-3
_e2017-9-21
_f2022-1-26
_g5
_lCCODEBUJ1
_mBUJ
_n2
_p20.50
_q5
_r0
_sY
_tBOOK
_u2016-8-1
_xINGENIERIA
_PP24
_0COMPRA
_o.STAFF. Colección General Juliaca
999 _a628.74 A51 2012
_wDEWEY
_c2
_iFJ01343
_d2019-9-30
_e2019-9-24
_f2022-1-26
_g4
_lCCODEBUJ1
_mBUJ
_n3
_p20.50
_q2
_r0
_sY
_tBOOK
_u2016-8-1
_xINGENIERIA
_PP24
_0COMPRA
_o.STAFF. Colección General Juliaca
264 _aBogota:
_bUniversidad Santo Tomas,
_c2012.
980 _81
_gALBERTO SANCHEZ Responsable de Automatización